Died in Their 80s - Sudden Death - Statistics

General Stats
  • This quiz has been taken 27 times
  • The average score is 2 of 15
Answers on the Grid
Answers color-coded by a green-red scale on the quiz's grid according to % correct below.
Nikola Tesla
Charlie Chaplin
Elizabeth Taylor
Ronald Reagan
Mikhail Gorbachev
Stephen Hawking
George Carlin
Agatha Christie
Bette Davis
Omar Sharif
Constantine the Great
Joseph Stalin
Walt Disney
Isaac Newton
Fidel Castro
Augustus
Winston Churchill
Pelé
Leo Tolstoy
Frederick the Great
Richard Nixon
George S. Patton
Otto von Bismarck
Marlene Dietrich
Tina Turner
Cary Grant
Victor Hugo
Elizabeth II
Akira Kurosawa
Frank Sinatra
 
Answer Stats
Answer % Correct
Charlie Chaplin
38%
Nikola Tesla
38%
Frank Sinatra
33%
Pelé
29%
Agatha Christie
24%
Bette Davis
19%
Tina Turner
19%
Omar Sharif
14%
Cary Grant
10%
Leo Tolstoy
10%
Akira Kurosawa
5%
Otto von Bismarck
5%
Richard Nixon
5%
Isaac Newton
0%
Victor Hugo
0%
No matching quizzes found
Score Distribution
Percent of People with Each Score
Percentile by Number Answered
Your Score History
You have not taken this quiz